| 000 | 00471nam a22001571a 4500 | ||
|---|---|---|---|
| 999 |
_c143718 _d143718 |
||
| 020 | _a9788185382081 | ||
| 082 |
_a780.954 _bBHA/N |
||
| 245 |
_aNatyasastra (chapter 28): _bancient Scales of Indian Music with sanjvananam commentary of Acarya Brhaspati / _cby Bharat Gupt (tr.) |
||
| 260 |
_aNew Delhi: _bBrahaspati Publications, _c2008. |
||
| 300 | _a203p. | ||
| 650 | _aMusic India | ||
| 650 | _aMusic | ||
| 650 | _aArts | ||
| 700 | _aBharat Gupt (tr.) | ||
| 942 | _cBK | ||